| 000 | 00409 a2200133 4500 | ||
|---|---|---|---|
| 020 | _a0060456949 | ||
| 082 | _a624.1821 SAL | ||
| 100 | _aSalmon, Charles G. | ||
| 245 |
_aSteel structures : _bdesign and behavior / _cCharles G. Salmon, John E. Johnson. |
||
| 250 | _a2d ed. | ||
| 260 |
_aNew York : _bHarper & Row, _cc1980. |
||
| 300 |
_axvi, 1007 p. : _bill. ; _c24 cm. |
||
| 650 | _aBuilding, Iron and steel. | ||
| 650 | _aSteel, Structural. | ||
| 999 |
_c1308 _d1308 |
||